|
|
|
|
| LEADER |
00947ncm a22002532a 4500 |
| 001 |
000410182 |
| 003 |
CZ BrMZK |
| 005 |
20120907081432.0 |
| 007 |
qu |
| 008 |
990305s1905 it f zxx d |
| 040 |
|
|
|a BOA001
|b cze
|
| 072 |
|
7 |
|a 787
|x Hudba pro strunné a smyčcové nástroje
|2 Konspekt
|9 9
|
| 100 |
1 |
|
|a Boccherini, Luigi,
|d 1743-1805
|7 jn19990000868
|4 cmp
|
| 245 |
1 |
0 |
|a Sei Sonate.
|n Sonata 2 in Do magg
|h [hudebnina] /
|c Luigi Boccherini ; per violoncello coll'accompagnemento di pianoforte di Alfredo Piatti
|
| 246 |
3 |
0 |
|a Sonata 2 in Do magg
|
| 260 |
|
|
|a Milano :
|b Ricordi,
|c [1905?]
|
| 300 |
|
|
|a 4, 14 s.
|
| 490 |
1 |
|
|a Biblioteca del violoncellista
|
| 700 |
1 |
|
|a Piatti, Alfredo Carlo,
|d 1822-1901
|7 xx0024688
|4 adp
|
| 830 |
|
0 |
|a Biblioteca del violoncellista
|
| 910 |
|
|
|a BOA001
|b Mus4-0576.484,2
|
| 990 |
|
|
|a MU
|
| 991 |
|
|
|b 201208
|
| 996 |
6 |
|
|b 2619770504
|c Mus4-0576.484,2
|l MZK
|r Sklad / do 1 hodiny
|n 3
|w 000410182
|u 000010
|a 1
|e BOA001
|j MZK50
|s P
|